El corazón : Motor de la vida /

Guardado en:
Autor Principal: Illert, Michael
Formato: Deslizar
Materias:
Etiquetas: Agregar Etiqueta
Sin Etiquetas, Sea el primero en etiquetar este registro!
LEADER 01078ngm a22003135g 4500
001 CEM.cems022173
008 130507b1996##################0###0#####d
005 20241007211811.0
245 1 0 |a El corazón :  |b Motor de la vida /  |c Michael Illert. 
300 |a 51'. 
500 |a En soporte VHS, consultar en ventanilla. 
505 0 |a El corazón: descripción, ubicación y funcionamiento. Partes: pericardio, aurículas, ventrículos, válvulas, arterias, venas. Circulación de la sangre. El tono cardíaco. Importancia del ejercicio físico. 
538 |a Soporte: VHS - Norma: Pal N - Color - Grabación DRD 1996 - Hitachi=0000 
100 1 |a Illert, Michael 
082 6 1 |/ ILL 
653 |a BIOLOGIA 
653 |a ANATOMIA 
653 |a FISIOLOGIA 
653 |a CORAZON 
653 |a PERICARDIO 
653 |a AURICULAS 
653 |a VENTRICULOS 
653 |a VALVULAS 
653 |a ARTERIAS 
653 |a VENAS 
653 |a SANGRE 
653 |a TONO CARDIACO 
653 |a NIVEL SECUNDARIO 
859 |a CEMS  |b BIB. CEMS - Depto. Recursos Didacticos  |h 611  |i ILL  |k DRD  |p 816.12  |t Ej.1